Close relations : (Record no. 927)
[ view plain ]
| 000 -LEADER | |
|---|---|
| fixed length control field | 01256cam a2200385 a 4500 |
| 003 - CONTROL NUMBER IDENTIFIER | |
| control field | CaAEU |
| 005 - DATE AND TIME OF LATEST TRANSACTION | |
| control field | 20210622094128.0 |
| 008 - FIXED-LENGTH DATA ELEMENTS--GENERAL INFORMATION | |
| fixed length control field | 010327s2002 onca b 001 0 eng |
| 020 ## - INTERNATIONAL STANDARD BOOK NUMBER | |
| International Standard Book Number | 0130914215 (pbk.) |
| 040 ## - CATALOGING SOURCE | |
| Transcribing agency | CaOONL |
| 043 ## - GEOGRAPHIC AREA CODE | |
| Geographic area code | n-cn--- |
| 050 ## - LIBRARY OF CONGRESS CALL NUMBER | |
| Classification number | HQ560 |
| Item number | .M28 2001 |
| 055 01 - CLASSIFICATION NUMBERS ASSIGNED IN CANADA | |
| Classification number | HQ560 |
| 090 ## - LOCALLY ASSIGNED LC-TYPE CALL NUMBER (OCLC); LOCAL CALL NUMBER (RLIN) | |
| Classification number (OCLC) (R) ; Classification number, CALL (RLIN) (NR) | HQ 560 M28 2002 |
| Local cutter number (OCLC) ; Book number/undivided call number, CALL (RLIN) | AEVAC |
| 090 ## - LOCALLY ASSIGNED LC-TYPE CALL NUMBER (OCLC); LOCAL CALL NUMBER (RLIN) | |
| Classification number (OCLC) (R) ; Classification number, CALL (RLIN) (NR) | HQ 560 M285 2002 |
| Local cutter number (OCLC) ; Book number/undivided call number, CALL (RLIN) | AEU |
| 100 1# - MAIN ENTRY--PERSONAL NAME | |
| Personal name | McDaniel, Susan A., |
| Dates associated with a name | 1946- |
| 245 10 - TITLE STATEMENT | |
| Title | Close relations : |
| Remainder of title | an introduction to the sociology of families / |
| Statement of responsibility, etc. | Susan A. McDaniel, Lorne Tepperman. |
| 250 ## - EDITION STATEMENT | |
| Edition statement | Brief ed. |
| 260 ## - PUBLICATION, DISTRIBUTION, ETC. | |
| Place of publication, distribution, etc. | Toronto : |
| Name of publisher, distributor, etc. | Prentice Hall, |
| Date of publication, distribution, etc. | c2002. |
| 300 ## - PHYSICAL DESCRIPTION | |
| Extent | xvi, 352 p. : |
| Other physical details | ill. ; |
| Dimensions | 24 cm. |
| 336 ## - CONTENT TYPE | |
| Content type term | text |
| Content type code | txt |
| Source | rdacontent |
| 337 ## - MEDIA TYPE | |
| Media type term | unmediated |
| Media type code | n |
| Source | rdamedia |
| 338 ## - CARRIER TYPE | |
| Carrier type term | volume |
| Carrier type code | nc |
| Source | rdacarrier |
| 500 ## - GENERAL NOTE | |
| General note | Includes index. |
| 504 ## - BIBLIOGRAPHY, ETC. NOTE | |
| Bibliography, etc. note | Includes bibliographical references: p. 321-341. |
| 650 #0 - SUBJECT ADDED ENTRY--TOPICAL TERM | |
| Topical term or geographic name entry element | Families |
| Geographic subdivision | Canada. |
| 650 #6 - SUBJECT ADDED ENTRY--TOPICAL TERM | |
| Topical term or geographic name entry element | Famille |
| Geographic subdivision | Canada. |
| 700 1# - ADDED ENTRY--PERSONAL NAME | |
| Personal name | Tepperman, Lorne. |
| 770 0# - SUPPLEMENT/SPECIAL ISSUE ENTRY | |
| Title | Close relations, Instructor's manual with test item file. |
| Place, publisher, and date of publication | Toronto : Prentice Hall, c2002. |
| Record control number | (CaOONL)20020080956 |
| 942 ## - ADDED ENTRY ELEMENTS (KOHA) | |
| Source of classification or shelving scheme | |
| Koha item type | Book |
| Suppress in OPAC | JE |
| Withdrawn status | Lost status | Source of classification or shelving scheme | Damaged status | Not for loan | Permanent Location | Current Location | Shelving location | Date acquired | Total Checkouts | Full call number | Barcode | Date last seen | Price effective from | Koha item type | Public note |
|---|---|---|---|---|---|---|---|---|---|---|---|---|---|---|---|
| AU LIBRARY | AU LIBRARY | Open Shelf | 22.06.2021 | HQ560 .M28 2001 | 28002580 | 22.06.2021 | 22.06.2021 | Book | JE |